Mash 2-Letter Combos - Statistics

General Stats
  • This quiz has been taken 61 times
  • The average score is 189 of 676
Answer Stats
2-Letter
Cyphers
% Correct
AS
66%
AB
64%
JH
64%
JK
64%
SD
64%
AD
61%
DH
61%
WE
61%
DF
59%
DS
59%
ER
59%
GH
59%
JF
59%
KS
59%
SK
59%
DJ
57%
EH
57%
JD
57%
RE
57%
SJ
57%
AI
55%
AJ
55%
BC
55%
BH
55%
FD
55%
FJ
55%
IE
55%
JS
55%
KJ
55%
SH
55%
AH
52%
DK
52%
EF
52%
IO
52%
IU
52%
IW
52%
KL
52%
RI
52%
SA
52%
AK
50%
BF
50%
EW
50%
GE
50%
HB
50%
HD
50%
HJ
50%
HS
50%
JN
50%
KD
50%
KF
50%
LD
50%
LK
50%
RT
50%
SN
50%
WO
50%
AF
48%
BE
48%
BN
48%
DB
48%
DI
48%
DL
48%
DV
48%
EI
48%
EO
48%
FG
48%
FH
48%
GF
48%
HF
48%
OI
48%
OW
48%
UI
48%
AA
45%
AO
45%
BV
45%
CB
45%
CV
45%
DN
45%
EJ
45%
FI
45%
HG
45%
HI
45%
IR
45%
IS
45%
JA
45%
JI
45%
KH
45%
LJ
45%
NC
45%
ND
45%
OE
45%
RF
45%
SL
45%
AE
43%
AL
43%
CD
43%
CN
43%
DA
43%
ED
43%
EU
43%
FK
43%
FO
43%
FS
43%
HE
43%
HU
43%
IF
43%
JB
43%
JE
43%
KA
43%
NJ
43%
NK
43%
NM
43%
NS
43%
OP
43%
SB
43%
SF
43%
UF
43%
WF
43%
WI
43%
WR
43%
AC
41%
AG
41%
BD
41%
CH
41%
DG
41%
EB
41%
EG
41%
EK
41%
FV
41%
HA
41%
HH
41%
HR
41%
ID
41%
IJ
41%
KE
41%
LE
41%
LS
41%
MN
41%
NB
41%
NF
41%
QW
41%
RH
41%
SI
41%
WJ
41%
WU
41%
EY
39%
FB
39%
FL
39%
FN
39%
GJ
39%
JO
39%
JW
39%
KC
39%
NE
39%
NV
39%
PO
39%
UE
39%
WB
39%
WD
39%
WP
39%
AN
36%
BA
36%
BG
36%
BI
36%
BR
36%
BS
36%
CA
36%
CJ
36%
CK
36%
CX
36%
EN
36%
GD
36%
GK
36%
HV
36%
HW
36%
IG
36%
JJ
36%
MA
36%
MK
36%
NA
36%
OH
36%
OR
36%
QE
36%
QI
36%
QU
36%
SM
36%
UW
36%
VB
36%
WH
36%
WK
36%
WQ
36%
YU
36%
AQ
34%
AU
34%
BJ
34%
BK
34%
CI
34%
DC
34%
DO
34%
DU
34%
EL
34%
FA
34%
FU
34%
HO
34%
IH
34%
JC
34%
JG
34%
JV
34%
KG
34%
KN
34%
MC
34%
MJ
34%
OJ
34%
OQ
34%
OS
34%
PQ
34%
QO
34%
QP
34%
RJ
34%
RU
34%
RY
34%
SC
34%
SV
34%
TR
34%
UH
34%
UY
34%
VH
34%
WS
34%
YT
34%
AM
32%
AV
32%
AZ
32%
BB
32%
CF
32%
CM
32%
DM
32%
FE
32%
GB
32%
GI
32%
GU
32%
HK
32%
HL
32%
IA
32%
JL
32%
KK
32%
KW
32%
LF
32%
LH
32%
LW
32%
MZ
32%
NH
32%
NI
32%
NX
32%
PE
32%
RN
32%
RO
32%
RW
32%
SO
32%
TU
32%
UD
32%
UO
32%
UR
32%
VN
32%
WM
32%
WN
32%
WY
32%
XN
32%
YG
32%
AP
30%
AR
30%
AW
30%
BW
30%
DD
30%
DE
30%
EP
30%
EQ
30%
FC
30%
GO
30%
GR
30%
GV
30%
HN
30%
HT
30%
IC
30%
IQ
30%
JM
30%
JR
30%
KM
30%
KR
30%
LA
30%
MD
30%
NR
30%
NW
30%
OK
30%
PW
30%
QA
30%
RG
30%
SU
30%
TY
30%
UP
30%
WG
30%
WL
30%
XC
30%
XK
30%
XZ
30%
AX
27%
AY
27%
BU
27%
BX
27%
CL
27%
CO
27%
CS
27%
DR
27%
DY
27%
ET
27%
EV
27%
FM
27%
GA
27%
GS
27%
HC
27%
HY
27%
IP
27%
KX
27%
LL
27%
MM
27%
MS
27%
NG
27%
NN
27%
OD
27%
OF
27%
QL
27%
QN
27%
QR
27%
RB
27%
RQ
27%
SE
27%
SY
27%
TF
27%
TH
27%
UJ
27%
VD
27%
VE
27%
VF
27%
VG
27%
VJ
27%
VO
27%
YE
27%
AT
25%
CU
25%
EE
25%
EM
25%
ES
25%
FR
25%
FW
25%
GN
25%
HM
25%
IT
25%
JU
25%
KQ
25%
KV
25%
LG
25%
LM
25%
LN
25%
MB
25%
MH
25%
ML
25%
MX
25%
NO
25%
OC
25%
PF
25%
QC
25%
RD
25%
RK
25%
RP
25%
RS
25%
SG
25%
SX
25%
UB
25%
UT
25%
UV
25%
VA
25%
VC
25%
VU
25%
VV
25%
WA
25%
WT
25%
WW
25%
WX
25%
XB
25%
XJ
25%
XM
25%
ZC
25%
ZX
25%
BM
23%
BO
23%
BZ
23%
CE
23%
CG
23%
DW
23%
DX
23%
EA
23%
FP
23%
FT
23%
FY
23%
GW
23%
HQ
23%
IB
23%
II
23%
IN
23%
IY
23%
KI
23%
KZ
23%
LT
23%
NL
23%
NT
23%
NZ
23%
OA
23%
OL
23%
OO
23%
OU
23%
PS
23%
QJ
23%
QQ
23%
RA
23%
RR
23%
SS
23%
ST
23%
SZ
23%
TB
23%
TE
23%
TK
23%
TV
23%
UA
23%
UG
23%
UN
23%
US
23%
VI
23%
VK
23%
VL
23%
VS
23%
WV
23%
YH
23%
ZH
23%
BL
20%
CC
20%
DP
20%
GG
20%
GL
20%
HX
20%
KB
20%
KO
20%
LC
20%
MF
20%
MW
20%
NQ
20%
OG
20%
OV
20%
PJ
20%
PR
20%
QB
20%
QD
20%
QG
20%
QK
20%
QS
20%
QY
20%
RV
20%
SQ
20%
SW
20%
TG
20%
VM
20%
WC
20%
XV
20%
YO
20%
YW
20%
ZB
20%
ZS
20%
BY
18%
CQ
18%
CW
18%
DT
18%
FF
18%
FQ
18%
GC
18%
GT
18%
IK
18%
IL
18%
IV
18%
JQ
18%
JT
18%
LB
18%
LU
18%
MG
18%
MO
18%
MR
18%
ON
18%
OT
18%
PA
18%
PI
18%
QF
18%
QM
18%
QT
18%
RL
18%
SP
18%
TD
18%
TJ
18%
TN
18%
TW
18%
XL
18%
YD
18%
YF
18%
YI
18%
YR
18%
ZZ
18%
BT
16%
CZ
16%
GY
16%
HZ
16%
IX
16%
JX
16%
KU
16%
LR
16%
LV
16%
LX
16%
ME
16%
NU
16%
OX
16%
OY
16%
PK
16%
PL
16%
PP
16%
PU
16%
QV
16%
RC
16%
RM
16%
SR
16%
TI
16%
TS
16%
UC
16%
UK
16%
UQ
16%
UU
16%
UZ
16%
VX
16%
VZ
16%
XA
16%
XX
16%
YS
16%
YZ
16%
ZD
16%
ZJ
16%
ZN
16%
BP
14%
BQ
14%
CR
14%
CY
14%
DQ
14%
DZ
14%
EC
14%
FZ
14%
GM
14%
GZ
14%
JP
14%
KT
14%
LO
14%
LP
14%
MI
14%
NY
14%
OB
14%
OM
14%
OZ
14%
QH
14%
QX
14%
QZ
14%
TA
14%
TM
14%
TO
14%
XD
14%
XH
14%
XI
14%
YV
14%
YY
14%
ZA
14%
ZG
14%
ZO
14%
CP
11%
CT
11%
FX
11%
GP
11%
IM
11%
IZ
11%
JY
11%
JZ
11%
LI
11%
LQ
11%
LY
11%
MP
11%
MQ
11%
MT
11%
MV
11%
MY
11%
NP
11%
PC
11%
PD
11%
PH
11%
RX
11%
RZ
11%
TP
11%
TQ
11%
UM
11%
VQ
11%
VT
11%
VW
11%
XG
11%
XS
11%
YL
11%
ZE
11%
ZF
11%
ZK
11%
ZM
11%
ZV
11%
EX
9%
EZ
9%
HP
9%
KP
9%
LZ
9%
MU
9%
PM
9%
PV
9%
PX
9%
TC
9%
TL
9%
UX
9%
VR
9%
VY
9%
WZ
9%
XE
9%
XF
9%
XO
9%
XT
9%
XU
9%
YA
9%
YB
9%
YC
9%
YJ
9%
YN
9%
YQ
9%
YX
9%
ZI
9%
ZL
9%
ZP
9%
ZR
9%
ZY
9%
PG
7%
PT
7%
PY
7%
TT
7%
TZ
7%
UL
7%
VP
7%
XP
7%
XR
7%
XW
7%
XY
7%
YK
7%
YP
7%
ZQ
7%
ZT
7%
ZW
7%
GQ
5%
GX
5%
KY
5%
PB
5%
PN
5%
PZ
5%
TX
5%
XQ
5%
ZU
5%
YM
2%
No matching quizzes found
Score Distribution
Percent of People with Each Score
Percentile by Number Answered
Your Score History
You have not taken this quiz